[Event "EU-ch U21"]
[Site "Groningen"]
[Date "1978.12.24"]
[Round "4"]
[White "Dolmatov, Sergey"]
[Black "Karolyi, Tibor Jr"]
[Result "1-0"]
[WhiteElo "2495"]
[BlackElo "2310"]
[PlyCount "88"]
[EventDate "1978.12.21"]
[EventType "swiss"]
[EventRounds "13"]
[EventCountry "NED"]
[SourceTitle "EXT 2001"]
[Source "ChessBase"]
[SourceDate "2000.11.22"]
[SourceVersion "1"]
[SourceVersionDate "2000.11.22"]
[SourceQuality "1"]

1. e4 e6 2. d4 d5 3. Nd2 Nf6 4. e5 Nfd7 5. c3 c5 6. f4 Nc6 7. Ndf3 Qb6 8. g3
Be7 9. Bh3 O-O 10. Ne2 Qa6 11. O-O Nb6 12. Rf2 cxd4 13. Nexd4 Nxd4 14. Nxd4 Bc5
15. Bf1 Qa4 16. b3 Qe8 17. a4 Bd7 18. Bd3 Nc8 19. Be3 Ne7 20. Qc2 g6 21. Qd2
Nc6 22. g4 Bxd4 23. cxd4 f6 24. Raf1 f5 25. gxf5 exf5 26. Rg2 Qe7 27. Be2 Rac8
28. Bf2 Kf7 29. Rg3 Ke6 30. Rh3 Be8 31. Rc1 Qd7 32. Rc5 Ne7 33. Rxh7 Bf7 34.
Bb5 Qd8 35. Rxc8 Qxc8 36. Rh3 a6 37. Bf1 Qd7 38. Bh4 Rc8 39. Rc3 Rc7 40. a5
Rxc3 41. Qxc3 Qc6 42. Qb4 Ng8 43. Qf8 Qc7 44. Bd8 Qd7 1-0

[Event "EU-ch U21"]
[Site "Groningen"]
[Date "1978.12.27"]
[Round "6"]
[White "Tiller, Bjorn"]
[Black "Dolmatov, Sergey"]
[Result "1/2-1/2"]
[WhiteElo "2305"]
[BlackElo "2495"]
[PlyCount "84"]
[EventDate "1978.12.21"]
[EventType "swiss"]
[EventRounds "13"]
[EventCountry "NED"]
[SourceTitle "EXT 2001"]
[Source "ChessBase"]
[SourceDate "2000.11.22"]
[SourceVersion "1"]
[SourceVersionDate "2000.11.22"]
[SourceQuality "1"]

1. e4 c5 2. c3 d5 3. exd5 Qxd5 4. d4 Nf6 5. Nf3 e6 6. Be3 cxd4 7. cxd4 Nc6 8.
Nc3 Qd6 9. Rc1 Be7 10. Bd3 O-O 11. O-O Nb4 12. Bb1 b6 13. Ne5 Bb7 14. a3 Nbd5
15. Bg5 Rac8 16. Re1 Nxc3 17. bxc3 Nd5 18. Qd3 f5 19. Bxe7 Qxe7 20. f3 Qxa3 21.
c4 Qxd3 22. Nxd3 Nc7 23. Nf4 Kf7 24. d5 Rce8 25. dxe6+ Nxe6 26. Nxe6 Rxe6 27.
Bxf5 Rxe1+ 28. Rxe1 g6 29. Bc2 Bc6 30. Bb3 Rb8 31. c5+ Kf8 32. Re6 Be8 33. cxb6
axb6 34. Kf2 b5 35. Ke3 Rc8 36. Kd4 Rd8+ 37. Ke3 Rc8 38. Kd4 Rc1 39. Rb6 Rg1
40. Rb7 Rxg2 41. Rxh7 Rg5 42. Bd5 Rh5 1/2-1/2

[Event "EU-ch U21"]
[Site "Groningen"]
[Date "1978.12.30"]
[Round "8"]
[White "Dolmatov, Sergey"]
[Black "Plaskett, Jim"]
[Result "1-0"]
[WhiteElo "2495"]
[BlackElo "2410"]
[PlyCount "83"]
[EventDate "1978.12.21"]
[EventType "swiss"]
[EventRounds "13"]
[EventCountry "NED"]
[SourceTitle "EXT 2001"]
[Source "ChessBase"]
[SourceDate "2000.11.22"]
[SourceVersion "1"]
[SourceVersionDate "2000.11.22"]
[SourceQuality "1"]

1. e4 c5 2. Nf3 d6 3. d4 cxd4 4. Nxd4 Nf6 5. Nc3 a6 6. f4 e6 7. Be2 Be7 8. O-O
O-O 9. a4 Nc6 10. Be3 Qc7 11. Kh1 Nxd4 12. Qxd4 Bd7 13. e5 Ne8 14. Bd3 Bc6 15.
Bf2 Rd8 16. Qe3 g6 17. a5 Ng7 18. Qe2 Rd7 19. Bb6 Qb8 20. Qe3 Bd8 21. Ba7 Qa8
22. Bb6 Bxb6 23. Qxb6 Qb8 24. Be4 Rc8 25. Rad1 Ne8 26. Qb4 Qc7 27. Bxc6 Qxc6
28. Na4 Nc7 29. c4 dxe5 30. Nb6 Rxd1 31. Rxd1 Re8 32. fxe5 Kg7 33. Qd6 Rb8 34.
Qxc6 bxc6 35. Rd7 Ne8 36. g4 g5 37. b4 Kg6 38. Re7 Rd8 39. b5 cxb5 40. cxb5
axb5 41. a6 b4 42. a7 1-0

[Event "EU-ch U21"]
[Site "Groningen"]
[Date "1979.01.02"]
[Round "10"]
[White "Dolmatov, Sergey"]
[Black "Petursson, Margeir"]
[Result "1/2-1/2"]
[WhiteElo "2495"]
[BlackElo "2350"]
[PlyCount "106"]
[EventDate "1978.12.21"]
[EventType "swiss"]
[EventRounds "13"]
[EventCountry "NED"]
[SourceTitle "EXT 2001"]
[Source "ChessBase"]
[SourceDate "2000.11.22"]
[SourceVersion "1"]
[SourceVersionDate "2000.11.22"]
[SourceQuality "1"]

1. e4 c5 2. Nf3 Nc6 3. Bb5 g6 4. O-O Bg7 5. c3 Nf6 6. Re1 O-O 7. d4 cxd4 8.
cxd4 d5 9. e5 Ne4 10. Nc3 Bf5 11. Bd3 Bg4 12. Nxe4 dxe4 13. Bxe4 Bxf3 14. Qxf3
Qxd4 15. Bxc6 bxc6 16. Re4 Qd5 17. Bf4 Rfd8 18. b3 a5 19. h3 e6 20. Qe2 h6 21.
Rc1 Rab8 22. Rec4 Rb4 23. Bg3 Rxc4 24. Rxc4 Qb5 25. Kf1 Bf8 26. f4 Bb4 27. Be1
Bxe1 28. Kxe1 a4 29. b4 a3 30. Kf2 Rd5 31. h4 Kg7 32. Re4 Qb6+ 33. Kg3 Qg1 34.
Rc4 Rd1 35. Rc3 Qd4 36. Rxa3 Rd2 37. Qe3 Qxb4 38. Rb3 Qa5 39. a3 Qd5 40. Qf3
Qd4 41. Qe3 Qd5 42. Qf3 Qd4 43. Qe3 Qa4 44. Rc3 Qd1 45. Kh2 Re2 46. Rc1 Rxe3
47. Rxd1 Rxa3 48. Rd8 c5 49. Rc8 Rc3 50. Rd8 Rc4 51. Kg3 Rc3+ 52. Kf2 Rc1 53.
Rc8 Rc2+ 1/2-1/2

[Event "URS-ch FL47"]
[Site "Frunze"]
[Date "1979.??.??"]
[Round "10"]
[White "Sideif Sade, Fikret Israfil"]
[Black "Dolmatov, Sergey"]
[Result "0-1"]
[WhiteElo "2320"]
[BlackElo "2495"]
[PlyCount "86"]
[EventDate "1979.??.??"]
[EventType "tourn"]
[EventRounds "17"]
[EventCountry "URS"]
[EventCategory "9"]
[SourceTitle "MCL"]
[Source "ChessBase"]
[SourceDate "1999.07.01"]
[SourceVersion "1"]
[SourceVersionDate "1999.07.01"]
[SourceQuality "1"]

1. e4 c5 2. Nf3 Nc6 3. d4 cxd4 4. Nxd4 Nf6 5. Nc3 e5 6. Ndb5 d6 7. Bg5 a6 8.
Na3 b5 9. Bxf6 gxf6 10. Nd5 f5 11. Bd3 Be6 12. Qh5 Rg8 13. g3 h6 14. c3 Bxd5
15. exd5 Ne7 16. Qd1 e4 17. Be2 Bg7 18. Nc2 Qb6 19. a4 Rc8 20. axb5 axb5 21.
O-O Be5 22. Kh1 Qb7 23. Nb4 Rc5 24. Ra5 Kf8 25. Qa1 Nc8 26. f3 Qd7 27. f4 Bf6
28. Rd1 Bd8 29. Ra8 Nb6 30. Ra7 Rc7 31. Rxc7 Qxc7 32. Bxb5 Qc5 33. Bf1 h5 34.
Rd4 h4 35. Na6 Qc8 36. Qe1 hxg3 37. hxg3 Rh8+ 38. Kg2 Qb7 39. Nb4 f6 40. Qd2
Qh7 41. Kf2 Qh1 42. Ke1 Rh2 43. Qc1 Qxf1+ 0-1

[Event "URS-ch FL47"]
[Site "Frunze"]
[Date "1979.??.??"]
[Round "11"]
[White "Dolmatov, Sergey"]
[Black "Grigoryan, Karen"]
[Result "1-0"]
[WhiteElo "2495"]
[BlackElo "2480"]
[PlyCount "65"]
[EventDate "1979.??.??"]
[EventType "tourn"]
[EventRounds "17"]
[EventCountry "URS"]
[EventCategory "9"]
[SourceTitle "MCL"]
[Source "ChessBase"]
[SourceDate "1999.07.01"]
[SourceVersion "1"]
[SourceVersionDate "1999.07.01"]
[SourceQuality "1"]

1. e4 c5 2. Nf3 d6 3. d4 cxd4 4. Nxd4 Nf6 5. Nc3 a6 6. f4 Qc7 7. Be2 e5 8. Nb3
Nbd7 9. O-O Be7 10. Bf3 O-O 11. g3 d5 12. g4 dxe4 13. Bg2 Ne8 14. f5 Nc5 15. f6
Bd6 16. fxg7 Nxg7 17. Nd5 Qc6 18. Na5 Qb5 19. Nf6+ Kh8 20. Qxd6 Be6 21. b4 Na4
22. c4 Bxc4 23. Nxc4 Qxc4 24. Qxe5 Rfe8 25. Nxe8 Rxe8 26. Qg3 Nc3 27. Kh1 Ne2
28. Qe3 Nd4 29. Bb2 Nc2 30. Qf4 Nxa1 31. Qf6 Rg8 32. Bxa1 e3 33. Re1 1-0

[Event "URS-ch FL47"]
[Site "Frunze"]
[Date "1979.??.??"]
[Round "13"]
[White "Vitolinsh, Alvis"]
[Black "Dolmatov, Sergey"]
[Result "0-1"]
[WhiteElo "2430"]
[BlackElo "2495"]
[PlyCount "100"]
[EventDate "1979.??.??"]
[EventType "tourn"]
[EventRounds "17"]
[EventCountry "URS"]
[EventCategory "9"]
[SourceTitle "MCL"]
[Source "ChessBase"]
[SourceDate "1999.07.01"]
[SourceVersion "1"]
[SourceVersionDate "1999.07.01"]
[SourceQuality "1"]

1. e4 c5 2. Nf3 Nc6 3. d4 cxd4 4. Nxd4 Nf6 5. Nc3 e5 6. Nb3 Bb4 7. Bd3 d6 8.
O-O Bxc3 9. bxc3 Bg4 10. Qe1 Nh5 11. Be2 Qd7 12. f3 Be6 13. Qh4 g6 14. g3 Qe7
15. Qxe7+ Kxe7 16. f4 f6 17. Ba3 Ng7 18. Rad1 Rhd8 19. Rf2 Rac8 20. Bb5 a6 21.
Bxc6 Rxc6 22. fxe5 fxe5 23. Bc1 Rg8 24. Na5 Rxc3 25. Nxb7 Ne8 26. Bg5+ Kd7 27.
Rfd2 Rc6 28. Nd8 Rb6 29. Nxe6 Kxe6 30. Rf1 Rb4 31. Re2 h6 32. Bxh6 Nf6 33. Bd2
Ra4 34. a3 a5 35. c4 Rc8 36. Bg5 Nh7 37. Bh6 Rcxc4 38. Ref2 Rc7 39. Bd2 Rxa3
40. Kg2 Ra2 41. Be1 Rxf2+ 42. Rxf2 a4 43. h4 Rc4 44. Kf3 Nf6 45. Re2 a3 46. g4
Nxe4 47. Ra2 Ra4 48. h5 gxh5 49. gxh5 Kf5 50. h6 Kg6 0-1

[Event "URS-ch FL47"]
[Site "Frunze"]
[Date "1979.??.??"]
[Round "14"]
[White "Dolmatov, Sergey"]
[Black "Lerner, Konstantin"]
[Result "1/2-1/2"]
[WhiteElo "2495"]
[BlackElo "2475"]
[PlyCount "36"]
[EventDate "1979.??.??"]
[EventType "tourn"]
[EventRounds "17"]
[EventCountry "URS"]
[EventCategory "9"]
[SourceTitle "MCL"]
[Source "ChessBase"]
[SourceDate "1999.07.01"]
[SourceVersion "1"]
[SourceVersionDate "1999.07.01"]
[SourceQuality "1"]

1. e4 e6 2. d4 d5 3. Nc3 Nf6 4. Bg5 dxe4 5. Nxe4 Be7 6. Bxf6 Bxf6 7. Nf3 Nd7 8.
Bd3 c5 9. dxc5 Nxc5 10. Bb5+ Ke7 11. Qxd8+ Rxd8 12. Nxc5 Rd5 13. Na6 Bxb2 14.
Rb1 Rxb5 15. Nc7 Bc3+ 16. Ke2 Rxb1 17. Rxb1 Rb8 18. Na6 Ra8 1/2-1/2

[Event "URS-ch FL47"]
[Site "Frunze"]
[Date "1979.??.??"]
[Round "16"]
[White "Dolmatov, Sergey"]
[Black "Bagirov, Vladimir"]
[Result "1/2-1/2"]
[WhiteElo "2495"]
[BlackElo "2545"]
[PlyCount "32"]
[EventDate "1979.??.??"]
[EventType "tourn"]
[EventRounds "17"]
[EventCountry "URS"]
[EventCategory "9"]
[SourceTitle "MCL"]
[Source "ChessBase"]
[SourceDate "1999.07.01"]
[SourceVersion "1"]
[SourceVersionDate "1999.07.01"]
[SourceQuality "1"]

1. d4 d5 2. c4 c6 3. cxd5 cxd5 4. Nc3 Nc6 5. Nf3 Nf6 6. Bf4 Bf5 7. e3 e6 8. Bd3
Bxd3 9. Qxd3 Rc8 10. O-O Bd6 11. Bxd6 Qxd6 12. Rfc1 O-O 13. Na4 Ne7 14. h3
Rxc1+ 15. Rxc1 Rc8 16. Rxc8+ Nxc8 1/2-1/2

[Event "URS-ch FL47"]
[Site "Frunze"]
[Date "1979.??.??"]
[Round "17"]
[White "Razuvaev, Yuri"]
[Black "Dolmatov, Sergey"]
[Result "1/2-1/2"]
[WhiteElo "2470"]
[BlackElo "2495"]
[PlyCount "41"]
[EventDate "1979.??.??"]
[EventType "tourn"]
[EventRounds "17"]
[EventCountry "URS"]
[EventCategory "9"]
[SourceTitle "MCL"]
[Source "ChessBase"]
[SourceDate "1999.07.01"]
[SourceVersion "1"]
[SourceVersionDate "1999.07.01"]
[SourceQuality "1"]

1. d4 d5 2. c4 e6 3. Nc3 Be7 4. Nf3 Nf6 5. cxd5 exd5 6. Bg5 c6 7. e3 Bf5 8. Bd3
Bxd3 9. Qxd3 Nbd7 10. O-O O-O 11. Rab1 a5 12. Rfe1 h6 13. Bh4 Nh5 14. Bxe7 Qxe7
15. Ne2 Ndf6 16. Ng3 Nxg3 17. hxg3 Ne4 18. Nd2 Nxd2 19. Qxd2 Qb4 20. Red1 Qxd2
21. Rxd2 1/2-1/2

[Event "IBM-B"]
[Site "Amsterdam"]
[Date "1979.??.??"]
[Round "2"]
[White "Van der Sterren, Paul"]
[Black "Dolmatov, Sergey"]
[Result "0-1"]
[WhiteElo "2400"]
[BlackElo "2495"]
[PlyCount "156"]
[EventDate "1979.07.??"]
[EventType "tourn"]
[EventRounds "13"]
[EventCountry "NED"]
[EventCategory "8"]
[SourceTitle "MCD"]
[Source "ChessBase"]
[SourceDate "1999.07.01"]
[SourceVersion "1"]
[SourceVersionDate "1999.07.01"]
[SourceQuality "1"]

1. Nf3 d5 2. b3 Bg4 3. Bb2 Nd7 4. c4 e6 5. e3 Ngf6 6. Be2 Bd6 7. cxd5 exd5 8.
Nd4 Bxe2 9. Qxe2 Be5 10. f4 Bxd4 11. Bxd4 c5 12. Bb2 O-O 13. O-O Re8 14. Qd3
Qb6 15. Nc3 Rad8 16. Rab1 Qc6 17. Rf3 d4 18. exd4 cxd4 19. Nb5 Nc5 20. Qc4 Qb6
21. Rc1 Ne6 22. d3 Ng4 23. f5 Nf8 24. Bxd4 Qh6 25. h3 a6 26. Bxg7 Qxg7 27. Rg3
axb5 28. Qxg4 Qxg4 29. Rxg4+ Kh8 30. Rc5 Rd6 31. Rxb5 b6 32. Re4 Red8 33. Ree5
Kg7 34. Kf2 Kf6 35. Re3 Nd7 36. g4 Rc8 37. a4 Rc5 38. Rb4 Rcd5 39. Ke2 Ne5 40.
d4 Nc6 41. Rc4 Nxd4+ 42. Kf2 Nc6 43. Kg3 Ne5 44. Rce4 Rc6 45. Kh4 Nd7 46. Kh5
Kg7 47. Kh4 Rc1 48. Rb4 h6 49. Kg3 Rcd1 50. Kf3 R5d4 51. Rb5 Rd5 52. Rxd5 Rxd5
53. b4 Rd4 54. Re4 Rd1 55. h4 Kf6 56. Kf4 Rf1+ 57. Kg3 Ne5 58. Rd4 Rg1+ 59. Kh3
Ke7 60. a5 bxa5 61. bxa5 Ra1 62. Kg3 Rxa5 63. g5 h5 64. Kf4 Kf8 65. Rd6 Kg7 66.
Rb6 Ng4 67. Rb4 Ra3 68. Rc4 Rb3 69. Ra4 Nf2 70. Ra7 Rb4+ 71. Kf3 Ng4 72. Re7
Rb1 73. Ra7 Rb3+ 74. Kf4 Rb4+ 75. Kg3 Ne5 76. Ra5 Rg4+ 77. Kf2 Rf4+ 78. Ke3
Nc4+ 0-1

[Event "IBM-B"]
[Site "Amsterdam"]
[Date "1979.??.??"]
[Round "4"]
[White "Baljon, Christofoor"]
[Black "Dolmatov, Sergey"]
[Result "1/2-1/2"]
[WhiteElo "2255"]
[BlackElo "2495"]
[PlyCount "80"]
[EventDate "1979.07.??"]
[EventType "tourn"]
[EventRounds "13"]
[EventCountry "NED"]
[EventCategory "8"]
[SourceTitle "MCD"]
[Source "ChessBase"]
[SourceDate "1999.07.01"]
[SourceVersion "1"]
[SourceVersionDate "1999.07.01"]
[SourceQuality "1"]

1. e4 c5 2. Nf3 e6 3. d4 cxd4 4. Nxd4 Nf6 5. Nc3 Nc6 6. Ndb5 d6 7. Bf4 e5 8.
Bg5 a6 9. Na3 b5 10. Bxf6 gxf6 11. Nd5 f5 12. Bxb5 axb5 13. Nxb5 Ra4 14. b4
Rxb4 15. Nbc7+ Kd7 16. O-O Qxc7 17. Nxc7 Kxc7 18. Qh5 Rxe4 19. Qxf7+ Be7 20. a4
Rf8 21. Qb3 Rb4 22. Qd5 Ba6 23. c3 Re4 24. Rfb1 Bc4 25. Qd1 Re2 26. a5 d5 27.
Ra4 Bc5 28. Rxc4 Bxf2+ 29. Kf1 Re1+ 30. Qxe1 Bxe1 31. Rxc6+ Kxc6 32. Kxe1 Ra8
33. Rb6+ Kc5 34. Re6 e4 35. a6 Rb8 36. a7 Rb1+ 37. Kd2 Ra1 38. Re7 h5 39. Ke3
Ra3 40. Kf4 Kc4 1/2-1/2

[Event "IBM-B"]
[Site "Amsterdam"]
[Date "1979.??.??"]
[Round "6"]
[White "Van Riemsdijk, Herman"]
[Black "Dolmatov, Sergey"]
[Result "1/2-1/2"]
[WhiteElo "2435"]
[BlackElo "2495"]
[PlyCount "71"]
[EventDate "1979.07.??"]
[EventType "tourn"]
[EventRounds "13"]
[EventCountry "NED"]
[EventCategory "8"]
[SourceTitle "MCD"]
[Source "ChessBase"]
[SourceDate "1999.07.01"]
[SourceVersion "1"]
[SourceVersionDate "1999.07.01"]
[SourceQuality "1"]

1. e4 c5 2. Nf3 e6 3. d4 cxd4 4. Nxd4 Nf6 5. Nc3 Nc6 6. g3 d5 7. Bg2 Qb6 8.
Nxc6 bxc6 9. O-O Ba6 10. Na4 Qa5 11. c4 Bxc4 12. Bd2 Bb4 13. Bxb4 Qxb4 14. Re1
dxe4 15. Bxe4 Bd5 16. Bg2 O-O 17. Qc2 a5 18. b3 Rab8 19. Nb2 Rfd8 20. Nd3 Qb5
21. Ne5 Rbc8 22. Rac1 c5 23. Re3 Nd7 24. Bxd5 exd5 25. Nxd7 Qxd7 26. Rc3 d4 27.
Rxc5 d3 28. Qd2 Rxc5 29. Rxc5 Qe7 30. Rc1 h5 31. h4 Qe2 32. Rd1 Rd6 33. Kg2 Kh7
34. Qxe2 dxe2 35. Re1 Rd2 36. Kf3 1/2-1/2

[Event "IBM-B"]
[Site "Amsterdam"]
[Date "1979.??.??"]
[Round "7"]
[White "Dolmatov, Sergey"]
[Black "Enklaar, Bert"]
[Result "1-0"]
[WhiteElo "2495"]
[BlackElo "2400"]
[PlyCount "75"]
[EventDate "1979.07.??"]
[EventType "tourn"]
[EventRounds "13"]
[EventCountry "NED"]
[EventCategory "8"]
[SourceTitle "MCD"]
[Source "ChessBase"]
[SourceDate "1999.07.01"]
[SourceVersion "1"]
[SourceVersionDate "1999.07.01"]
[SourceQuality "1"]

1. e4 c6 2. d4 d5 3. exd5 cxd5 4. c4 Nf6 5. Nc3 e6 6. Nf3 Be7 7. cxd5 Nxd5 8.
Bd3 Nc6 9. O-O O-O 10. Re1 Bf6 11. Be4 Nce7 12. Qd3 h6 13. Ne5 Nxc3 14. Qxc3
Qb6 15. Bc2 Rd8 16. Be3 Nf5 17. Rad1 Bd7 18. d5 Qa6 19. Bxf5 exf5 20. Bd4 Be8
21. Qf3 Qxa2 22. Bc3 Qb3 23. d6 Bd7 24. Nxd7 Rxd7 25. Qxf5 Bxc3 26. Qxd7 Bxe1
27. Rxe1 g6 28. h4 Kg7 29. Qe7 Qxb2 30. d7 Qd2 31. Qe5+ Kh7 32. Qe8 Kg7 33.
Qe5+ Kh7 34. Qe8 Kg7 35. Re3 Qc1+ 36. Kh2 Qc7+ 37. g3 Qc2 38. Rf3 1-0

[Event "IBM-B"]
[Site "Amsterdam"]
[Date "1979.??.??"]
[Round "8"]
[White "Van der Wiel, John"]
[Black "Dolmatov, Sergey"]
[Result "1/2-1/2"]
[WhiteElo "2375"]
[BlackElo "2495"]
[PlyCount "55"]
[EventDate "1979.07.??"]
[EventType "tourn"]
[EventRounds "13"]
[EventCountry "NED"]
[EventCategory "8"]
[SourceTitle "MCD"]
[Source "ChessBase"]
[SourceDate "1999.07.01"]
[SourceVersion "1"]
[SourceVersionDate "1999.07.01"]
[SourceQuality "1"]

1. e4 c5 2. Nf3 e6 3. d4 cxd4 4. Nxd4 Nf6 5. Nc3 Nc6 6. Ndb5 d6 7. Bf4 e5 8.
Bg5 a6 9. Na3 b5 10. Bxf6 gxf6 11. Nd5 f5 12. exf5 Bxf5 13. c3 Bg7 14. Nc2 O-O
15. Be2 Be6 16. O-O Ne7 17. Bf3 Rc8 18. a4 Rc5 19. Nxe7+ Qxe7 20. Nb4 bxa4 21.
Nxa6 Bb3 22. Qd2 Ra5 23. Nb4 Qe6 24. Bd1 e4 25. Re1 Bxd1 26. Rexd1 Be5 27. Nc6
Ra6 28. Nb4 1/2-1/2

[Event "IBM-B"]
[Site "Amsterdam"]
[Date "1979.??.??"]
[Round "10"]
[White "Hoelzl, Franz"]
[Black "Dolmatov, Sergey"]
[Result "0-1"]
[WhiteElo "2425"]
[BlackElo "2495"]
[PlyCount "66"]
[EventDate "1979.07.??"]
[EventType "tourn"]
[EventRounds "13"]
[EventCountry "NED"]
[EventCategory "8"]
[SourceTitle "MCD"]
[Source "ChessBase"]
[SourceDate "1999.07.01"]
[SourceVersion "1"]
[SourceVersionDate "1999.07.01"]
[SourceQuality "1"]

1. d4 d5 2. c4 c6 3. Nf3 Nf6 4. Nc3 e6 5. g3 dxc4 6. Bg2 b5 7. O-O Bb7 8. Ne5
Nd5 9. Nxd5 cxd5 10. e4 Be7 11. a4 b4 12. exd5 Bxd5 13. Nxc4 Nc6 14. Bxd5 Qxd5
15. Ne3 Qxd4 16. Qf3 Rc8 17. Rd1 Qf6 18. Qxf6 Bxf6 19. Nc4 O-O 20. Be3 Rfd8 21.
Kf1 Rd5 22. Rac1 Rcd8 23. Ke2 h5 24. Rxd5 exd5 25. Nd2 Rd6 26. b3 Bc3 27. Nf3
d4 28. Bf4 Rd7 29. Kd3 f6 30. h4 Kf7 31. Kc4 Na5+ 32. Kb5 Rd5+ 33. Ka6 Nxb3 0-1

[Event "IBM-B"]
[Site "Amsterdam"]
[Date "1979.??.??"]
[Round "13"]
[White "Nemet, Ivan"]
[Black "Dolmatov, Sergey"]
[Result "1/2-1/2"]
[WhiteElo "2470"]
[BlackElo "2495"]
[PlyCount "20"]
[EventDate "1979.07.??"]
[EventType "tourn"]
[EventRounds "13"]
[EventCountry "NED"]
[EventCategory "8"]
[SourceTitle "MCD"]
[Source "ChessBase"]
[SourceDate "1999.07.01"]
[SourceVersion "1"]
[SourceVersionDate "1999.07.01"]
[SourceQuality "1"]

1. d4 d5 2. c4 c6 3. cxd5 cxd5 4. Nc3 Nf6 5. Nf3 Nc6 6. Bf4 Bf5 7. e3 e6 8. Bb5
Nd7 9. O-O Be7 10. Rc1 O-O 1/2-1/2

[Event "WchT U26"]
[Site "Mexico"]
[Date "1980.08.??"]
[Round "?"]
[White "Diesen, Mark"]
[Black "Dolmatov, Sergey"]
[Result "0-1"]
[WhiteElo "2425"]
[BlackElo "2530"]
[PlyCount "160"]
[EventDate "1980.08.??"]
[EventType "team"]
[EventRounds "11"]
[EventCountry "MEX"]
[SourceTitle "MCD"]
[Source "ChessBase"]
[SourceDate "1999.07.01"]
[SourceVersion "1"]
[SourceVersionDate "1999.07.01"]
[SourceQuality "1"]

1. c4 c6 2. d4 d5 3. Nc3 Nf6 4. Nf3 e6 5. e3 Nbd7 6. Qc2 Bd6 7. b3 O-O 8. Be2
Re8 9. O-O dxc4 10. bxc4 e5 11. Bb2 exd4 12. exd4 Nf8 13. Rad1 Qc7 14. Rfe1 Ng6
15. g3 Bg4 16. Ng5 Bxe2 17. Rxe2 Rxe2 18. Qxe2 Re8 19. Qd3 Qe7 20. Nf3 Qd7 21.
Re1 Rxe1+ 22. Nxe1 Bb4 23. Nc2 Bxc3 24. Bxc3 b5 25. cxb5 cxb5 26. Ne3 Ne7 27.
Bb4 Ned5 28. Nxd5 Nxd5 29. Qa3 Qc8 30. Qa5 a6 31. a4 Qe8 32. axb5 axb5 33. Bc5
h5 34. Qa6 Qd7 35. h4 Kh7 36. Qa3 Nf6 37. Qd3+ Kg8 38. Qf3 Qd5 39. Qf4 Kh7 40.
Qb8 Qb3 41. Qe5 Qe6 42. Qb8 Qe1+ 43. Kg2 Qe4+ 44. Kg1 Qb1+ 45. Kg2 Kg6 46. Qd6
Qb3 47. Qf4 Qd5+ 48. f3 Qa2+ 49. Kh3 Qb1 50. Qg5+ Kh7 51. Kg2 Qc2+ 52. Kf1 Qg6
53. Qe5 Qb1+ 54. Qe1 Qxe1+ 55. Kxe1 Nd5 56. Kd2 f5 57. Bd6 g6 58. Kd3 Kg7 59.
Ba3 Kf7 60. Bc1 Ke6 61. Bd2 Ne7 62. Bc1 Nd5 63. Bd2 Nb6 64. Ba5 Nc4 65. Be1 Kd5
66. Bb4 f4 67. gxf4 Nd6 68. Be1 Nf5 69. Bf2 b4 70. Be1 b3 71. Bf2 b2 72. Kc2
Nxd4+ 73. Kxb2 Nxf3 74. Kc1 Ke4 75. Bg3 Nd4 76. Bf2 Nf5 77. Kd2 Kxf4 78. Ke2
Kg4 79. Kf1 Nxh4 80. Kg1 Kh3 0-1

[Event "WchT U26"]
[Site "Mexico"]
[Date "1980.08.??"]
[Round "?"]
[White "Dolmatov, Sergey"]
[Black "Bernan"]
[Result "1-0"]
[WhiteElo "2535"]
[BlackElo "2200"]
[PlyCount "81"]
[EventDate "1980.08.??"]
[EventType "team"]
[EventRounds "11"]
[EventCountry "MEX"]
[SourceTitle "MCD"]
[Source "ChessBase"]
[SourceDate "1999.07.01"]
[SourceVersion "1"]
[SourceVersionDate "1999.07.01"]
[SourceQuality "1"]

1. e4 c5 2. Nf3 e6 3. d3 Nc6 4. g3 d5 5. Nbd2 Nf6 6. Bg2 Be7 7. O-O a5 8. Re1
h6 9. h4 a4 10. e5 Nh7 11. Nf1 O-O 12. N1h2 Rb8 13. Bf4 Re8 14. Ng4 Bf8 15. c4
dxc4 16. dxc4 Qxd1 17. Rexd1 Na5 18. Rac1 b6 19. Bd2 Nc6 20. Bc3 Bb7 21. h5
Red8 22. Ne1 Be7 23. f4 Nf8 24. Kf2 Na7 25. Rxd8 Bxd8 26. Bxb7 Rxb7 27. Rd1 Be7
28. Ne3 Nd7 29. N1c2 Kf8 30. Na3 Ke8 31. g4 Rb8 32. Nb5 Rb7 33. Kf3 Nc8 34. f5
Bg5 35. Nf1 Be7 36. Ng3 Na7 37. Nxa7 Rxa7 38. Ne4 Ra8 39. f6 gxf6 40. exf6 Bf8
41. Kf4 1-0

[Event "WchT U26"]
[Site "Mexico"]
[Date "1980.08.??"]
[Round "?"]
[White "Dolmatov, Sergey"]
[Black "Cummings, David H"]
[Result "1/2-1/2"]
[WhiteElo "2535"]
[BlackElo "2320"]
[PlyCount "47"]
[EventDate "1980.08.??"]
[EventType "team"]
[EventRounds "11"]
[EventCountry "MEX"]
[SourceTitle "MCD"]
[Source "ChessBase"]
[SourceDate "1999.07.01"]
[SourceVersion "1"]
[SourceVersionDate "1999.07.01"]
[SourceQuality "1"]

1. e4 d6 2. d4 Nf6 3. Nc3 g6 4. f4 Bg7 5. Nf3 O-O 6. Bd3 Nc6 7. O-O Bg4 8. e5
dxe5 9. dxe5 Nd5 10. h3 Nxc3 11. bxc3 Bf5 12. Bxf5 gxf5 13. Be3 e6 14. Qe2 Qd5
15. Bf2 Ne7 16. c4 Qa5 17. h4 Rfd8 18. h5 Rd7 19. Bh4 Qc5+ 20. Kh1 h6 21. Rad1
Rad8 22. Rd3 Kf8 23. Rfd1 Ke8 24. Qd2 1/2-1/2

[Event "URS-ch48"]
[Site "Vilnius"]
[Date "1980.??.??"]
[Round "?"]
[White "Kupreichik, Viktor"]
[Black "Dolmatov, Sergey"]
[Result "0-1"]
[WhiteElo "2535"]
[BlackElo "2535"]
[PlyCount "70"]
[EventDate "1980.12.??"]
[EventType "tourn"]
[EventRounds "17"]
[EventCountry "LTU"]
[EventCategory "12"]
[SourceTitle "URS-ch"]
[Source "ChessBase"]
[SourceDate "1999.07.01"]
[SourceVersion "1"]
[SourceVersionDate "1999.07.01"]
[SourceQuality "1"]

1. e4 e6 2. d4 d5 3. e5 c5 4. c3 Nc6 5. Nf3 Bd7 6. Be2 f6 7. c4 cxd4 8. cxd5
exd5 9. exf6 Nxf6 10. Nxd4 Bc5 11. Nxc6 Bxc6 12. O-O O-O 13. Nd2 Qb6 14. Qb3
Rae8 15. Qxb6 Bxb6 16. Bd3 Ng4 17. Nf3 Rxf3 18. gxf3 Ne5 19. Be2 d4 20. Bd2 d3
21. Bd1 Nxf3+ 22. Bxf3 Bxf3 23. Rfe1 Be2 24. Kg2 Re6 25. f4 Rg6+ 26. Kh3 Bg4+
27. Kg3 Bd7+ 28. Kf3 Bc6+ 29. Re4 Re6 30. Rae1 g6 31. Bc3 Kf7 32. h4 Rxe4 33.
Rxe4 h5 34. a4 a5 35. b3 Bd5 0-1

[Event "Moscow-4teams"]
[Site "Moscow"]
[Date "1981.02.26"]
[Round "4.4"]
[White "Dolmatov, Sergey"]
[Black "Kuzmin, Gennadi"]
[Result "1-0"]
[WhiteElo "2545"]
[BlackElo "2545"]
[PlyCount "47"]
[EventDate "1981.02.22"]
[EventType "team"]
[EventRounds "6"]
[EventCountry "URS"]
[SourceTitle "MCL"]
[Source "ChessBase"]
[SourceDate "1999.07.01"]
[SourceVersion "1"]
[SourceVersionDate "1999.07.01"]
[SourceQuality "1"]
[WhiteTeam "Soviet Union U20"]
[BlackTeam "Soviet Union II"]
[WhiteTeamCountry "URS"]
[BlackTeamCountry "URS"]

1. e4 d6 2. d4 Nf6 3. Nc3 g6 4. f4 Bg7 5. Nf3 O-O 6. Bd3 Nc6 7. O-O e5 8. fxe5
dxe5 9. d5 Nd4 10. Nxe5 Nxd5 11. Nxd5 Bxe5 12. Bf4 Bxf4 13. Rxf4 Qg5 14. Qf1
Be6 15. Qf2 c5 16. Nf6+ Kg7 17. e5 Qxe5 18. Re1 Qc7 19. Qh4 h6 20. Nh5+ Kh7 21.
c3 c4 22. Qf6 Rg8 23. Qxd4 Rad8 24. Nf6+ 1-0